Państwa Afryki - wpisz pierwszą literę - Statystyki

Ogólne statystyki
  • Ten quiz został rozwiązany 6 990 razy
  • Średni wynik to 33 z 54
Odpowiedzi na mapie
Odpowiedzi zakodowano w zielono-czerwonej skali na mapie do tego quizu, zgodnie z poniższymi procentami.
 
Statystyki odpowiedzi
Państwo % Poprawnych
Algieria
63%
Madagaskar
63%
Maroko
63%
Senegal
63%
Sudan
63%
Sudan Południowy
63%
Tunezja
63%
Angola
62%
Eswatini
62%
Etiopia
62%
Gambia
62%
Gwinea Równikowa
62%
Kenia
62%
Libia
62%
Mauretania
62%
Republika Południowej Afryki
62%
Somalia
62%
Tanzania
62%
Benin
61%
Botswana
61%
Czad
61%
Demokratyczna Republika Konga
61%
Egipt
61%
Erytrea
61%
Ghana
61%
Lesotho
61%
Mali
61%
Mozambik
61%
Namibia
61%
Niger
61%
Nigeria
61%
Republika Zielonego Przylądka
61%
Togo
61%
Wyspy Świętego Tomasza i Książeca
61%
Zimbabwe
61%
Dżibuti
60%
Gwinea Bissau
60%
Kamerun
60%
Malawi
60%
Mauritius
60%
Republika Środkowoafrykańska
60%
Rwanda
60%
Seszele
60%
Sierra Leone
60%
Wybrzeże Kości Słoniowej
60%
Zambia
60%
Burkina Faso
59%
Gabon
59%
Gwinea
59%
Komory
59%
Kongo
59%
Liberia
59%
Uganda
59%
Burundi
58%
Nie znaleziono quizów pasujących do podanych kryteriów
Rozkład punktacji
Procent ludzi z każdym wynikiem
Percentyl według liczby udzielonych odpowiedzi
Twoja historia wyników
Nie rozwiązałeś tego quizu